Statistics for Jurassic World: Fallen Kingdom Characters

Click here to take the quiz!

General Stats

  • This quiz has been taken 10 times
  • The average score is 6 of 11

Answer Stats

HintAnswer% Correct
Chris PrattOwen Grady
100%
Bryce Dallas HowardClaire Dearing
57%
BD WongHenry Wu
57%
Jeff GoldblumIan Malcolm
57%
Rafe SpallEli Mills
43%
Justice SmithFranklin Webb
43%
Toby JonesGunnar Eversol
43%
Ted LevineKen Wheatley
43%
Isabella SermonMaisie Lockwood
43%
Daniella PinedaZia Rodriguez
43%
James CromwellBenjamin Lockwood
29%

Score Distribution

Percentile by Number Answered

Percent of People with Each Score

Your Score History

You have not taken this quiz